Countries Closest to Haiti - Statistics

General Stats
  • This quiz has been taken 2,083 times
  • The average score is 16 of 20
Answer Stats
km country miles % Correct
0 Dominican Republic 0
98%
85 Cuba 53
96%
927 United States 576
96%
188 Jamaica 117
95%
102 Bahamas 63
93%
1127 Dominica 700
93%
1258 Grenada 782
90%
942 St Kitts and Nevis 585
88%
1232 St Lucia 765
88%
1244 St Vincent and the Grenadines 773
85%
944 Antigua and Barbuda 586
84%
1093 Panama 679
80%
1291 Costa Rica 802
78%
998 Honduras 620
78%
998 Nicaragua 620
78%
690 Venezuela 429
75%
621 Colombia 386
73%
629 Aruba 390
39%
687 Curaçao 420
36%
905 Sint Maarten 562
25%
No matching quizzes found
Score Distribution
Percent of People with Each Score
Percentile by Number Answered
Your Score History
You have not taken this quiz